[Event "EU-ch 18th"]
[Site "Minsk"]
[Date "2017.06.08"]
[Round "9"]
[White "Sutovsky, Emil"]
[Black "Forcen Esteban, Daniel"]
[Result "1-0"]
[WhiteElo "2646"]
[BlackElo "2545"]
[Annotator "Sutovsky,E"]
[PlyCount "47"]
[EventDate "2017.05.30"]
[EventType "swiss"]
[EventRounds "11"]
[EventCountry "BLR"]
[SourceTitle "CBM 179"]
[Source "ChessBase"]
[SourceDate "2017.07.12"]
[SourceVersion "1"]
[SourceVersionDate "2017.07.12"]
[SourceQuality "1"]

1. e4 e6 {It is unfair to say, that this move came as a surprise. But actually
my opponent plays so many various openings, that I simply couldn't guess what
he would do in this game. Luckily, I didn't even try to do so - I just
prepared some lines that caused me general concern.} 2. d4 d5 3. Nc3 Nf6 4. e5
{I used to play 4.Bg5 almost exclusively, but nowadays I try to be more
flexible, following Korchnoi's advice - as long as a player keeps broadening
his repertoire, he doesn't get older - and included this move in my repertoire.
Curiously, my opponent beat GM Lysyj with the same move just a day before from
the white side of the board...} Nfd7 5. f4 c5 6. Nf3 Be7 7. Be3 b6 {This
sophisticated setup became somewhat trendy this year. Now White won't have a
chance to play a typical dc5, but there are other plans of course.} 8. h4 Nc6 (
8... h5 {is almost never good in these positions, as my knight heads to g5,
whereas Black's pieces are way too far from g4...}) (8... Ba6 9. Bxa6 Nxa6 10.
h5 {is better for White}) (8... cxd4 {is met by the typical sacrifice} 9. Nxd4
Bxh4+ 10. Kd2 {and surprisingly, White's king on d2 feels much better than its
counterpart on e8!}) 9. h5 O-O {All this was played a tempo. By Black, of
course - I took a bit of time for my 8th and 9th moves. And now there was an
important decision to make. And after some consideration I went for...} 10. Bb5
{Other options were} (10. Qd2) (10. Qe2) (10. Bd3 {- and honestly, it was
rather an intuitive choice. Not a bad one I'd say.}) 10... Ndb8 {My opponent
took a lot of time to come up with this move, but it is not the best one -
simply too slow.} ({The only chance to get proper play was} 10... Nxd4 $1 11.
Nxd4 (11. Bxd4 cxd4 12. Nxd4 Bh4+ {and here all three retreats with the king
are possible, but none of them guarantess an advantage.}) 11... cxd4 12. Qxd4 {
and here the only move is} f6 $1 {leading to some wild complications after} (
12... Bc5 13. Qd2 Bxe3 14. Qxe3 {is much better for White}) 13. Nxd5 (13. O-O-O
$5 fxe5 14. fxe5 Bc5 15. Qd2 Nxe5 16. Bxc5 bxc5 17. h6 {leads to another
amusing position, where White can be better. But maybe not.}) 13... Bc5 14. Qd2
exd5 15. Qxd5+ Kh8) 11. Qd2 a6 {Another dubious decision.} ({I felt he has to
simplify} 11... cxd4 12. Nxd4 Nxd4 13. Bxd4 a6 {even if White is better after}
14. Bd3 Nc6 15. Ne2) 12. Bxc6 Nxc6 13. Qf2 (13. g4 {was another tempting
option, but I wanted to bring my queen into the attack. Not sure which one is
stronger. It's a matter of taste I guess.}) 13... cxd4 14. Nxd4 Qc7 {And after
this one Black is probably doomed. Actually the present game shows us well,
why modern chess is so dynamic. Solid moves, improving the pieces do not work
anymore. Especially when you play Black. He had to launch the counterplay
immediately:} (14... Nxd4 15. Bxd4 b5 16. O-O-O b4 {Now, to tell the truth, I
considered this position as very much to White's advantage. But go prove it to
your computer, which shows 0.00! Well, I went and proved it:} 17. Na4 $1 (17.
Ne2 a5) 17... Bd7 18. Nb6 Rb8 19. Kb1 $1 {and only now its majesty realises,
that White will continue with f5 (or g4 and f5), whereas Black can't do much...
} f5) 15. O-O-O b5 {Now I can prepare the attack with Kb1 or Nce2, or g4 - but
after calculating some lines I decided not to delay it. It is always a very
tricky choice between not being hasty and carpe diem :)} 16. Nxc6 Qxc6 17. f5
exf5 {Of course, all the other moves lose at once.} 18. Nxd5 Bd8 19. Qg3 (19.
h6 g6 20. Nb4 Qe4 21. Rd4 Qb7 {looks very good for White, but I didn't find a
direct win here during the game. The computer suggests an elegant solution:}
22. Rxd8 Rxd8 23. Qh4 f6 24. Qxf6 Rf8 25. Qd6 $1 Qd7 26. Bg5 $1 {claiming a
huge advantage, but of course I stopped calculating this line after Black's 24.
..Rf8, and started looking for something better...}) 19... Kh8 {The most
natural move, which I also considered to be the main defence, but in fact it
simply loses. For some reason, the computer believes that after 19...Bb7 White
has no direct win - it may be true, but even the simple 20.Bg5 gives White a
significant edge.} 20. Nf4 $1 (20. h6 g6 21. Nb4 $1 Qe8 22. Rxd8 Qxd8 23. Bg5 {
was much cleaner, but I somehow forgot about the pretty idea to mate with the
knight:} Qe8 24. Bf6+ Kg8 25. Nd5 $1 {It would have been quite an elegant
knight's dance indeed, but luckily my choice is not much worse - and actually
the idea of sacrificing the knight, and then the rook, and then to brutally
mate his king over the h-file is not less appealing to a human mind.}) 20... h6
(20... Be6 $1 21. Rd6 {is lost but not as dead lost as the move made in the
game.}) (20... Be7 21. Ng6+ fxg6 22. hxg6 h6 23. Bxh6 gxh6 24. Rxh6+ Kg8 25.
Rh8+ Kxh8 26. Qh3+ Kg7 27. Qh7# {is one of the illustrative lines, which is
actually more than just illustrative - it is a recurring motif that actually
brings White victory in this game.}) 21. Ng6+ fxg6 22. hxg6 Qe4 (22... f4 {
was probably his initial idea while playing 19...h6, but it loses to} 23. Rxh6+
gxh6 24. g7+ Kh7 25. gxf8=Q {or gxfN! - depending on your ChessBase settings.
Mine promotes to a queen automatically...}) (22... Kg8 23. Bxh6 gxh6 24. Rxh6 {
and White simply mates.}) 23. Bxh6 (23. Rxh6+ Kg8 {may be a bit less clear now,
but there is a simpler way}) 23... Qg4 24. Bg5+ {...and Black resigned in a
view of 24...Kg8 25.Rh8!  Not a very difficult game, but it is pretty
instructive in its way. Black underestimated the dynamics of the position and
went down quickly. Also to be noted - White's imperfect play could have
allowed Black to keep fighting - and that is about enormous resources of
defence, which should never be underestimated. I know, I know - easier said
than done - and I learnt it all the hard way - let's just say that I was just
reminding myself of all that while commenting on this game for you :)} 1-0

[Event "FIDE World Cup"]
[Site "Baku"]
[Date "2015.09.14"]
[Round "2.1"]
[White "Wei, Yi"]
[Black "Vovk, Yuri"]
[Result "1-0"]
[WhiteElo "2734"]
[BlackElo "2628"]
[Annotator "Szabo,Kr"]
[PlyCount "73"]
[EventDate "2015.09.11"]
[EventType "k.o."]
[EventRounds "7"]
[EventCountry "AZE"]
[SourceTitle "CBM 169"]
[Source "ChessBase"]
[SourceDate "2015.11.10"]
[SourceVersion "1"]
[SourceVersionDate "2015.11.10"]
[SourceQuality "1"]

1. e4 e6 2. d4 d5 3. Nc3 Nf6 4. e5 Nfd7 5. f4 c5 6. Nf3 Nc6 7. Be3 cxd4 8. Nxd4
Bc5 9. Qd2 O-O 10. O-O-O a6 11. Qf2 Bxd4 12. Bxd4 b5 13. Be3 Qa5 {This move is
becoming popular nowadays. Black would like to play ...b4, but first he
prevents Na4 with 13...Qa5.} ({In the event of} 13... b4 14. Na4 $1 {.}) 14.
Kb1 b4 15. Ne2 Qc7 16. Ng3 (16. h4) ({and} 16. Nd4 {are more popular moves.})
16... a5 17. Nh5 f6 $146 {The new move in the game.} (17... a4 18. Bb5 (18. Bd3
f5 19. g4 Ba6 20. Bxa6 Rxa6 21. gxf5 Rxf5 22. Qe2 Ra8 23. Rhg1 g6 24. Ng3 Rff8
25. h4 $36 {C.Balogh-Vasiesiu, Mamaia 2015. and White's attack looks faster.})
18... Ba6 19. Bxa6 Rxa6 20. Rd3 Rc8 21. Rc1 Ne7 $132 {Caruana-Meier, Dortmund
2013, with a double-edged struggle.}) 18. Qg3 Rf7 19. Bb5 fxe5 $6 {A dubious
move, because Black opens the f-file, which will be very important for White.}
(19... a4 {was more logical, however} 20. exf6 Nxf6 21. Nxf6+ Rxf6 22. Qe1 Bb7
23. Qe2 $14 {and White's position looks more attractive.}) 20. fxe5 Ba6 (20...
Ndxe5 {could have been met by} 21. Rdf1 $1 $36 {and White looks nicely placed.}
) 21. Bxc6 $6 {Inaccuracy. White removes the c6-N, but the a6-B controls the
important f1-square.} (21. Rdf1 $1 {was the strongest reply,} Ndxe5 22. Bxa6
Rxa6 23. Bh6 $16 {and White has a dangerous attack!}) 21... Qxc6 22. Bh6 Rc8
23. Rc1 g6 $2 {This move looks like the only move, but it is a mistake!} (23...
Nc5 $1 {should have played} 24. Nxg7 Ne4 25. Qg4 Kh8 $132 {and Black has
strong counterplay; the position becomes very complicated.}) 24. Nf4 $1 {
Threatening Nxg6!} Kh8 (24... Nf8 25. h4 $1 $16 {followed by h5 and Black's
situation is difficult.}) 25. h4 Nc5 26. h5 Ne4 {Black tries to create some
counterplay, but his K is very weak.} 27. Qh4 gxh5 28. Qxh5 (28. Nxh5 {was
also strong.}) 28... Qe8 29. Rh4 ({The engine suggests} 29. Bg5 $1 Nxg5 30.
Qxg5 Rg7 31. Qf6 Qf7 32. Rh6 $18 {and Black has no hope left.}) 29... Rb7 $6 (
29... Re7 {was more accurate,} 30. Qg4 Qg8 31. Qh3 Qf7 {and the e6-P is
protected, however after} 32. Nh5 $36 {White's chances are better.}) 30. Qg4 $1
Qg8 31. Qh3 Qf7 $6 {Loses immediately, but Black's position was difficult.} ({
Even} 31... Nf2 {was tougher, but} 32. Qxe6 Qxe6 33. Nxe6 Re7 34. Ng5 $16 {
and White is a healthy P up.}) 32. Nxe6 $18 {Now Black is helpless.} Rg8 33.
Nd4 Qf2 34. Rg4 Re8 35. Be3 Qf7 36. e6 Qf6 37. Nf3 1-0

[Event "Zug FIDE GP"]
[Site "Zug"]
[Date "2013.04.18"]
[Round "1"]
[White "Karjakin, Sergey"]
[Black "Nakamura, Hikaru"]
[Result "1/2-1/2"]
[WhiteElo "2786"]
[BlackElo "2767"]
[Annotator "Szabo,Kr"]
[PlyCount "213"]
[EventDate "2013.04.18"]
[EventType "tourn"]
[EventRounds "11"]
[EventCountry "SUI"]
[EventCategory "21"]
[SourceTitle "CBM 154"]
[Source "ChessBase"]
[SourceDate "2013.05.15"]
[SourceVersion "1"]
[SourceVersionDate "2013.05.15"]
[SourceQuality "1"]

1. e4 e6 2. d4 d5 3. Nc3 Nf6 4. e5 Nfd7 5. f4 c5 6. Nf3 Nc6 7. Be3 cxd4 8. Nxd4
Qb6 $5 {Nakamura is a big expert on this 8...Qb6 system. Recently he has had a
few games with it.} 9. Qd2 Qxb2 10. Rb1 Qa3 {Black has lost three tempi for
the b2 P, which lookes a poisoned one, but Black's position is very stable and
it is not so easy to destroy.} 11. Bb5 Nxd4 12. Bxd4 a6 {This is the main line
and the critical position in this system.} (12... Bb4 {is another line and
White usually plays} 13. Rb3) 13. Bxd7+ (13. Rb3 {is a more difficult and
sharper line} Qe7 (13... Qa5 $4 {loses immediately after} 14. Bxd7+ Bxd7 15.
Bb6 $18 {and the Q is trapped.}) 14. Ba4 $5 (14. O-O $6 axb5 15. Nxb5 Qd8 16.
Qc3 Qa5 17. Nc7+ Kd8 18. Nxa8 Qxa8 19. f5 b6 20. fxe6 fxe6 21. Qe3 Qc6 {
Cheparinov-Vallejo Pons, Dresden ol 2008; with a very unclear position, but
looks nice for Black.}) 14... Qd8 (14... b5 15. Bxb5 axb5 16. Nxb5 {White has
sacrificed a piece, but he has a huge advantage of development.} Qd8 17. Qc3
Qa5 18. Nc7+ Kd8 19. Nxa8 Qxa8 20. O-O Qa4 21. Kh1 $1 {A very important move,
otherwise Black can play Qxd4 and Bc5 with the exchange of Q.} Be7 22. Rfb1 f6
23. exf6 Bxf6 (23... gxf6 $6 24. Rb6 $1 $16 {Topalov-Nakamura, Monaco rapid
2011; with a strong initiative for White.}) 24. Bxf6+ Nxf6 25. Rb8 Qc4 26. Qxc4
dxc4 27. Ra8 $14) 15. Bb6 {This is forced.} ({In the event of} 15. O-O $2 b5 {
Black is much better than in the previous line.}) 15... Qh4+ 16. g3 Qg4 17. Ne4
$5 (17. Nd1 $6 {is too slow, Black has enough time to castle.} Be7 18. Nf2 Qg6
19. Rc3 O-O 20. Bxd7 Bxd7 21. Rc7 Bd8 22. Rxd7 Bxb6 23. Rxb7 Rab8 $17 {
Grischuk-Morozevich, Astana blitz 2012; and Black is better.}) 17... Qf5 (17...
dxe4 $2 18. Rc3 $1 $18 {followed by Rxc8!}) 18. Re3 $44 {and White has good
compensation for the P.}) 13... Bxd7 14. Rb3 ({In the case of} 14. Rxb7 $6 Bb4
{and Black looks very nicely placed.}) 14... Qe7 15. Rxb7 Qd8 {A rare move,
but very similar.} ({2 rounds later Nakamura again tried} 15... Qh4+ {against
Leko.} 16. Bf2 Qd8 17. Bb6 (17. O-O Qc8 18. Rfb1 (18. Rb3 Qc4 19. Ne2 Be7 20.
Rfb1 O-O $132 {with a double-edged fight, Karjakin-Nakamura, Monaco blind 2011.
}) 18... Bc5 19. Bxc5 Qxc5+ 20. Kh1 {with some pressure.}) 17... Qc8 18. Rc7
Qd8 19. Qd4 Rc8 (19... Ba3 20. Nb1 $5 {is an unexpected, but a very logical
move. White attacks the B and immediately takes Black's centre under fire
after c4.} Be7 21. c4 Rb8 22. Nd2 (22. O-O $5) 22... O-O 23. cxd5 exd5 24. O-O
{and White has gained some space, Leko-Nakamura, Zug 2013.}) 20. Rxc8 (20. Rc6
Rxc6 21. Bxd8 Bc5) 20... Qxc8 21. O-O Qc6 22. Rb1 Be7 23. Qe3 O-O 24. Bd4 Rc8
25. Rb6 Qc4 26. Rb7 Qc6 27. Rb6 Qc4 28. Rb7 Qc6 {1/2 Anand-Nakamura, Wijk aan
Zee 2013}) 16. f5 $146 {First novelty, Karjakin immeditely tries to attack,
but this move allows the activation of Black's Q from c8 to c4 to prevent
White's castling.} (16. Bb6 {tranposes to 15...Qh4.}) 16... Qc8 $1 17. Rb3 Qc4
18. fxe6 fxe6 19. Rf1 {White can't castle, but Karjakin brings his R to the
open f-line.} (19. Nd1 {was an interesting alternative.} Be7 20. Ne3 (20. Nb2
Qc7) 20... Qa4 21. O-O Bb5 $132 {Black also has good counterplay.}) 19... Be7
20. Qd3 {White couldn't continue the attacking plan, so he decided to exchange
the Q, but without that Black looks very nicely placed.} ({now} 20. Nd1 $6 {
is too late, as} Bb5 21. Ne3 Qa4 $17 {and Black is better.}) 20... Rc8 21. Kd2
Rf8 22. Qxc4 Rxc4 23. Rb8+ Bc8 24. Rxf8+ Bxf8 25. Ne2 Kd7 {Now already Black
is slightly better; we will see a long period of torture. On the other hand
White's position is stable and against a great player such as Karjakin, it is
too difficult to win.} 26. c3 Ra4 27. Nc1 Kc7 28. Rb1 Bd7 29. Ra1 Bb5 30. Nb3
Kc6 31. Kc2 Bc4 32. Kb2 Bd3 33. a3 Be7 34. Nd2 Kb5 35. g3 h5 36. Kb3 g5 37. Kb2
g4 {Black has gained some space, but White has protected the a3 weakness, it
is not so easy to continue the pressure for Black.} 38. Be3 Bf8 39. Bd4 Bf5 40.
Kb3 Bh6 41. Rd1 Bd3 42. Kb2 Bf8 43. Ra1 Be7 44. Be3 h4 45. Bd4 h3 46. Be3 Bf5
47. Kb3 Bf8 48. Kb2 Bg7 49. Bd4 Bh6 50. Rd1 Bg6 51. Kb3 Bf5 52. Kb2 Bg5 53. Kb3
Kc6 54. Nf1 Ra5 55. Ne3 Rb5+ 56. Ka2 Be4 57. Re1 Bf3 58. a4 Rb7 59. Rb1 Rxb1
60. Kxb1 a5 61. Kc2 Bd8 62. Kd2 Kd7 63. Nc2 Ke8 64. Be3 Bc7 65. Bf4 Be4 66. Nd4
Kd7 67. Kc1 Bg6 68. Kb2 Be8 69. Kb3 Bg6 70. Kb2 Bd3 71. Kb3 Bb6 72. Kb2 Ke7 73.
Kb3 Kf7 74. Kb2 Ba6 75. Kb3 Kg6 76. Bd2 Bc8 77. Kb2 Bd7 78. Kb3 Bc5 79. Bc1
Bxd4 {Finally Nakamura takes the N, otherwise his K cannot invade White's
position. On the other hand thanks to the opposite coloured B, White can hold
the endgame even with two P down.} 80. cxd4 Kf5 81. Kc3 Ke4 82. Ba3 Bxa4 83.
Bb2 Ke3 84. Ba3 Bb5 85. Bb2 a4 86. Ba3 Bc4 87. Bb2 Bb3 88. Ba3 Ke2 89. Bb2 Bd1
90. Ba3 Kf2 91. Kd2 Kg2 92. Ke1 Bb3 93. Bb2 Kf3 94. Kd2 Ba2 95. Ba3 Bc4 96. Bb2
Ke4 97. Kc3 Kf3 98. Kd2 Kg2 99. Ke1 Kxh2 100. Kf2 $1 Kh1 101. Ba3 Be2 102. Bb2
h2 103. Ba3 Bd1 104. Bb2 Be2 105. Ba3 Bd1 106. Bb2 Be2 107. Ba3 1/2-1/2

[Event "EU-ch 17th"]
[Site "Gjakova"]
[Date "2016.05.22"]
[Round "10"]
[White "Bok, Benjamin"]
[Black "Moroni, Luca Jr"]
[Result "1-0"]
[WhiteElo "2614"]
[BlackElo "2438"]
[Annotator "Szabo,Kr"]
[PlyCount "47"]
[EventDate "2016.05.12"]
[EventType "swiss"]
[EventRounds "11"]
[EventCountry "KOS"]
[SourceTitle "CBM 173"]
[Source "ChessBase"]
[SourceDate "2016.07.12"]
[SourceVersion "1"]
[SourceVersionDate "2016.07.12"]
[SourceQuality "1"]

1. e4 e6 2. d4 d5 3. Nc3 Nf6 4. e5 Nfd7 5. f4 c5 6. Nf3 Nc6 7. Be3 Be7 (7... a6
) (7... cxd4) ({and} 7... Qb6 {are the other main lines.}) 8. Qd2 O-O 9. dxc5 (
{Still} 9. Be2 {is more common, but the text move is fashionable.}) 9... Nxc5 (
9... Bxc5 {is the other continuation.}) 10. O-O-O a6 11. Qf2 {A logical move,
White wants to avoid ...b5.} b6 12. Kb1 {The most natural move.} ({One month
ago So played} 12. Nd4 Qc7 13. Kb1 Bb7 14. Nxc6 Bxc6 15. Bd4 Bb7 16. Bd3 b5 17.
Ne2 b4 18. Ng3 Rac8 19. f5 f6 $5 20. exf6 Bxf6 21. Bxc5 Qxc5 22. Qxc5 Rxc5 23.
fxe6 Re8 $44 {So Wesley-Nakamura, Saint Louis 2016, with a balanced position.})
12... Qc7 13. Qg3 f6 {An ambitious reply, however it allows White to continue
as he does.} (13... Rd8 $5) 14. f5 $1 {A typical breakthrough, White would
like to crush Black's centre.} Ne4 $146 {It's strange, but this is the first
new move in the game.} ({In the event of} 14... fxe5 15. fxe6 Bxe6 16. Nxd5
Bxd5 17. Rxd5 Bf6 18. Bc4 Kh8 19. Rhd1 Rae8 20. Bxc5 bxc5 21. Ng5 $1 (21. Rd7
$2 {was inaccurate, because of} Rd8 $1 $132 {Tari-Johannessen, Fagernes 2015,
with a double-edged fight.}) 21... Bxg5 22. Qxg5 $16 {and White looks nicely
placed.}) 15. Nxe4 dxe4 16. Bc4 $1 fxe5 $2 {The decisive mistake!} (16... exf3
$2 {could have been met by} 17. Bh6 Bc5 18. Rd7 $3 {What a brilliant tactical
blow!!} Qxd7 19. Bxe6+ $18 {and White wins.}) (16... Nxe5 $1 {was the right
reply,} 17. Nxe5 fxe5 ({but not} 17... Qxe5 $2 18. Qxe5 fxe5 19. fxe6 $18 {
and Black is left with no hope.}) 18. Bxe6+ Bxe6 19. fxe6 Rac8 20. c3 $14 {
and White is more comfortable, but still this is not too much.}) 17. fxe6 $18 {
Now White is winning.} Kh8 (17... exf3 18. Bh6 g6 19. Bxf8 Kxf8 20. Qxf3+ $18 {
with a decisive attack.}) 18. Ng5 $1 {Another strong move.} Bxg5 19. Qxg5 Re8
20. Qf5 Nd8 21. Qxe4 Bb7 22. Qg4 Bc8 23. Qh5 g6 24. Qf3 {What a great victory
for Bok!} 1-0